00375nam a2200145Ia 4500008004100000020001500041041001200056100002000068245005900088250000800147260003900155300000800194650000700202700002000209221030s9999 xx 000 0 und d a9332518742 aEnglish aA. S. Tanenbaum 0aComputer Networkscby A. S. Tanenbaum, W. J. Wetherall a5th bPearson EducationaNew Delhic2016 a804 aIT aW. J. Wetherall